000 00595nam a2200205Ia 4500
005 20250508151836.0
008 008 250505s9999 xx 000 0 hin d
037 _aTextBook
040 _aFEDL
_beng
_cFEDL
041 _ahin
_2eng
084 _a374.954, SHA
_qFEDL
100 _aShstri Dharmendar Burmchari
_9760134
245 0 _aSamajik shiksha aur samaj sava
260 _aPatna, India
_bMagadh Rajdhani Prakashan
_c1955
300 _aii,367p
365 _aINR
_b6
650 _aAdult Education - India
_9760135
942 _cTB
_h374.954, SHA
999 _c1332458
_d1332458